00594nam a2200193Ia 4500003000400000005001700004008004100021040000700062041000800069082001600077100002600093245004500119260004100164300000900205650002200214942001300236999001900249952013200268OSt20260509115254.0250729s2010 xx 000 0 und d cAL aeng a370.25 MATF aDr.S.S.Mathur9231479 aFundamentals of guidence and counselling aAgrabSri Vinod Pusthak mandirc2010 a227p aEducation9231480 2ddccBED c239302d239302 00104070aALbALd2025-07-29eManagement Booksg100.00l0o370.25 MATFpBED04621r2025-07-29 16:57:26v100.00w2025-07-29yBK